Mots français d'origine russe - Statistiques

Statistiques générales
  • Ce quiz a été pris 326 fois
  • Le résultat moyen est 3 sur 13
Statistiques - réponses
Hint Réponse % Correct
Boisson alcoolisée traditionnellement produite à base de céréales et de pommes de terre. Vodka
99%
Éléphantidé aujourd'hui disparu. Mammouth
45%
1. cétacé blanc 2. esturgeon. Bélouga
33%
Peinture sur bois représentant un sujet religieux. Icône
33%
Débit de boisson dont le nom viendrait de l'occupation de Paris par les russes en 1814 (origine contestée). Bistro
26%
Vaste plaine couverte de buissons et de pâturages. Steppe
25%
Dignitaire du parti communiste et par extension, cadre d'une administration ou d'un parti politique. Apparatchik
14%
Combustible liquide provenant de la distillation des pétroles. Mazout
10%
Instrument de musique électronique créé en 1919 en URSS par Léon Termen. Thérémine
10%
Groupe, souvent local, d'intellectuels ou de notables. Intelligentsia
7%
Élite dirigeante du parti communiste de l'URSS et par extension, bureaucratie fermée dont les membres se recrutent par cooptation. Nomenklatura
6%
Enceinte permettant de créer les conditions nécessaires à la fusion nucléaire. Tokamak
6%
Terme d'héraldique désignant la couleur noire. Sable
5%
Aucun quiz correspondant
Distribution des résultats
% des personnes avec chaque résultat
Percentile par nombre de réponses
Votre historique - résultats
Vous n’avez pas pris ce quiz